Fundamentos y aplicacin̤ del Boletn̕ C-15, deterioro de los activos de larga duracin̤ y su disposicin̤

Detalles Bibliográficos
Autor principal: Cocina Martn̕ez, Javier
Autor Corporativo: Instituto Mexicano de Contadores Pb︢licos
Formato: eBook
Lenguaje:español
Publicado: [Mx̌ico] : Instituto Mexicano de Contadores Pb︢licos, 2007.
Materias:
Acceso en línea:Acceso restringido

MARC

LEADER 00000nam a22000007a 4500
005 20110826101359.0
008 110826t2005 mx ||||s|||| 00| 0 spa d
020 |a 970-665-226-4 
035 |a 5397 
040 |a vLex 
090 |c 2268  |d 2268 
100 1 |a Cocina Martn̕ez, Javier 
245 1 0 |a Fundamentos y aplicacin̤ del Boletn̕ C-15, deterioro de los activos de larga duracin̤ y su disposicin̤  |c Javier Cocina Martn̕ez  |h [Recurso electrn̤ico] / 
256 |a Servico en ln̕ea 
260 |a [Mx̌ico] :  |b Instituto Mexicano de Contadores Pb︢licos,  |c 2007. 
500 |a El deterioro de los activos de larga duracin̤ puede tener un efecto importante en la cifras de los estados financieros, y su tratamiento contable implica la utilizacin̤ de herramientas pertenecientes al campo de la teora̕ de las finanzas que, en este libro, se presentan al lector a travš de ejercicios prc̀ticos que facilitan su cabal entendimiento.  
506 1 |a Contenido solo disponible en los productos indicados  |d vLex Global  |d vLex Global (Academic Edition, excluding Law Schools)  |d vLex Global (U.S. Academic Edition, Law Schools)  |d vLex Global (U.S. Academic Edition, excluding Law Schools)  |d vLex Global (Academic Edition, Law Schools) 
650 0 4 |a Instrumentos financieros 
650 0 4 |a Activos financieros 
710 2 |a Instituto Mexicano de Contadores Pb︢licos 
740 0 |a vLex Libros (Servicio en ln̕ea) 
856 4 0 |u http://vlex.com/source/fundamentos-aplicacion-boletin-c-15-deterioro-activos-larga-duracion-disposicion-5397  |z Acceso restringido 
942 |c BOOK